000 00307nam a2200133Ia 4500
008 231129s1983||||xx |||||||||||||| ||spa||
040 _bspa
082 _aCo863 J37q
100 _aJaramillo Mejia Jose
245 0 _aQue hay por Ai : Cronicas
260 _c1983
264 _aLa Patria
942 _2ddc
_cBKS
999 _c23597
_d23597